000 00576cab a2200217 4500
001 A231
008 090401t1983 xxu||||| |||| 00| 0 eng d
035 _a(Sirsi) u27946
041 _aeng
100 _aSykes, Stephen
245 4 _aThe assessment of property investment risk
260 _c1983
350 _a0
490 _aJournal of Valuation
_v1(3) 1983, 253-267(15)
650 _aINVESTMENT RISK APPRAISAL
650 _aPROPERTY INVESTMENT
650 _aRISK ANALYSIS
690 _aPROPERTY-PROPERTY FINANCE AND INVESTMENT
942 _n0
948 _c04/03/1997
999 _c18841
_d18841